Most Water Resources Quiz Stats

 Plays Quiz Updated Dec 10, 2018

     
Support Sporcle.
Go Orange.
Score 0/25 Timer 06:00
1 Play Today
Rank Country % Correct
9Canada
90.6%
23Brazil
77.6%
11Norway
64.8%
7Denmark (incl. Greenland)
60.3%
18Chile
60.3%
15Peru
55%
1Iceland
55%
10New Zealand
51.7%
22Colombia
49.4%
21Venezuela
47.9%
17Paraguay
44%
14Bolivia
42.6%
20Panama
40.7%
Rank Country % Correct
2Guyana
33.3%
3Suriname
33.1%
12Belize
26.2%
16Laos
21.4%
5Papua New Guinea
17.8%
24Bhutan
14.6%
4Republic of the Congo
12.8%
25Central African Republic
11.2%
6Gabon
10.9%
19Equatorial Guinea
9.1%
8Solomon Islands
7%
13Liberia
6.4%

From the Vault

Animal Expressions III

by triviahappy

This quiz has almost as many animal expressions as a Katy Perry song.
Remove Ads.
Support Sporcle.
Get the best of Sporcle when you Go Orange. This ad-free experience offers more features, more stats, and more fun while also helping to support Sporcle. Thank you for becoming a member.

Show Comments

Extras

Top Quizzes Today


Score Distribution

Your Account Isn't Verified!

In order to create a playlist on Sporcle, you need to verify the email address you used during registration. Go to your Sporcle Settings to finish the process.

Report this User

Report this user for behavior that violates our Community Guidelines.

Details: